| 000 | 00702cam a22002051 4500 | ||
|---|---|---|---|
| 082 | 0 | 0 |
_a625.72 _bHIC _cL-39, P-182 |
| 100 | 1 |
_aHickerson, Thomas Felix, _943625 |
|
| 245 | 1 | 0 |
_aRoute location and design _c[by] Thomas F. Hickerson. |
| 250 | _a5th ed. | ||
| 260 |
_aNew York, _bMcGraw-Hill _c[1967] |
||
| 300 |
_axvi, 634 p. _billus. _c18 cm. |
||
| 500 | _aFirst ed. published in 1926 under title: Highway curves and earthwork. | ||
| 526 |
_a0 _b0 _c0 _d625_720000000000000_HIC |
||
| 650 | 0 |
_aCurves in engineering. _919561 |
|
| 650 | 0 |
_aMCE _9379 |
|
| 650 | 0 |
_aRailroads _xSurveying. _919560 |
|
| 650 | 0 |
_aRoads _xDesign and construction. _919562 |
|
| 650 | 0 |
_aRoads _xSurveying. _919559 |
|
| 942 |
_2ddc _cBK |
||
| 999 |
_c547428 _d547428 |
||